Informática educacional /

Guardado en:
Autor Principal: Pizzarelli de Sangiao, Norma
Otros Autores: Martín, Guillermo F.
Formato: Libro
Publicado: Buenos Aires : Marymar, 1987
Series:Fundamentaci¢n Psicopedag¢gica
Materias:
Etiquetas: Agregar Etiqueta
Sin Etiquetas, Sea el primero en etiquetar este registro!
LEADER 00665nam a22002295a 4500
001 CEM.cems005084
005 20060217000000.0
008 130507s1987##################000#0#####d
003 CEMS
082 0 4 |a 371.41 
100 1 |a Pizzarelli de Sangiao, Norma 
245 1 0 |a Informática educacional / 
260 |a Buenos Aires :  |b Marymar,  |c 1987 
300 |a 160 p. 
490 0 |a Fundamentaci¢n Psicopedag¢gica 
653 |a Computacion 
653 |a Computacion y enseñanza 
653 |a Educacion 
653 |a Educacion y computacion 
653 |a Formacion docente 
700 1 |a Martín, Guillermo F. 
859 |a CEMS  |b BIB. CEMS - 11 de abril  |h 371.41  |i P689  |p 15338.89  |t Ej.1